The Book of the Dead of Gatseshen : ancient Egyptian funerary religion in the 10th century BC /
المؤلف الرئيسي:
التنسيق: كتاب
اللغة: English
منشور في:
Leiden :
Nederlands Instituut voor het Nabije Oosten,
2006.
سلاسل:
Egyptologische uitgaven ;
21.
EgUit ;
21.
الموضوعات:
الوسوم: إضافة وسم
رقم الطلب: DT57 .U35 v.21
| LEADER | 01487namaa2200289 4500 | ||
|---|---|---|---|
| 001 | 13401 | ||
| 003 | OSt | ||
| 005 | 20260423072237.0 | ||
| 008 | 130303s2006 ne a 000 0 eng d | ||
| 020 | |a 9062582214 | ||
| 040 | |c ARCE Library | ||
| 050 | 4 | |a DT57 .U35 v.21 | |
| 100 | 1 | |a Lucarelli, Rita, |d 1972-, |e author |9 34946 | |
| 245 | 1 | 4 | |a The Book of the Dead of Gatseshen : |b ancient Egyptian funerary religion in the 10th century BC / |c Rita Lucarelli. |
| 264 | 1 | |a Leiden : |b Nederlands Instituut voor het Nabije Oosten, |c 2006. | |
| 300 | |a xiv, 305 pages : |b illustrations, table ; |c 27 cm. + |e 1 CD-ROM (4 3/4 in.). | ||
| 490 | 1 | |a Egyptologische uitgaven ; |v 21. | |
| 490 | 1 | |a EgUit ; |v 21. | |
| 505 | 0 | |g 1. |t The papyrus of Gatseshen : general description -- |g 2. |t Arrangement of the texts -- |t Excursus : CT (312) Ch. 78 of the Book of the Dead : scribal inventive and textual corruptions -- |t Excursus : Ch. 190, an example of multifunctional funerary instructions in the Book of the Dead -- |g 3. |t Iconography -- |t Excursus : the vignettes of the Book of the Dead : a working definition -- |g 4. |t The related papyri -- |g 5. |t Conclusions -- |t List of quoted manuscripts of the Book of the Dead -- |t List of occurrences of funerary spells. | |
| 630 | 0 | 0 | |a Book of the dead. |
| 650 | 0 | |a Future life |x Egyptian religion. | |
| 650 | 0 | |a Manuscripts (Papyri) | |
| 830 | 0 | |a Egyptologische uitgaven ; |v 21. | |
| 830 | 0 | |a EgUit ; |v 21. | |
| 901 | |a reviewed | ||
| 942 | |c BK |2 lcc | ||
| 999 | |c 13295 |d 13295 | ||
